| 000 | 01133nam a22002777a 4500 | ||
|---|---|---|---|
| 005 | 2010101908158.0 | ||
| 008 | 101019t xxu||||| |||| 00| 0 hin d | ||
| 010 | _aHIN-96266 | ||
| 020 |
_c500.00 _a9789380458410 |
||
| 035 | _aHN-68612 | ||
| 037 | _bDBAD / PUB | ||
| 040 |
_aDPL _bHN |
||
| 082 | _a820.08 | ||
| 100 | _923632 | ||
| 245 |
_aअमरकांत एक मूल्यांकन / _cरवीन्द्र कालिया द्वारा संपादित |
||
| 260 |
_aनई दिल्ली _bसामयिक _c2012 |
||
| 270 |
_bनई दिल्ली _a3320-21, जटवाडा़ दरियागंज,एन.एस. मार्ग, _e110002 |
||
| 300 | 1 |
_a352पृ. _c22सेमी (सजिल्द) |
|
| 650 | _9657 | ||
| 650 | _934273 | ||
| 700 |
_948760 _aकालिया,रवीन्द्र |
||
| 710 | _934811 | ||
| 710 | _935049 | ||
| 942 |
_2ddc _cHN _mअमर _h820.08 |
||
| 999 |
_c67820 _d67820 |
||